| 000 | 03557nam a2200241Ia 4500 | ||
|---|---|---|---|
| 003 | Ost | ||
| 005 | 20260507075449.0 | ||
| 008 | 260507s9999||||xx |||||||||||||| ||und|| | ||
| 020 | _a29946699579 | ||
| 040 | _cfsecg | ||
| 041 | _aara | ||
| 082 | _a336 | ||
| 100 |
_aخلف، فليح حسن _eمؤلف |
||
| 245 | 0 |
_aالمالية العامة / _c فليح حسن خلف |
|
| 260 |
_aاربد: _bعالم الكتب الحديث, _c2007 |
||
| 300 |
_a380 صفحة؛ _bإيضاحات ؛ _c24 سم |
||
| 504 | _aبيبليوغرافيا ص.377 | ||
| 520 | _aيشتمل الكتاب على أبواب وفصول تناولت مقدمة-الباب الأول : المالية العامة ودور الدولة : الفصل الأول : في المالية العامة : الفصل الثاني : المالية العامة في الفكر الاقتصادي : الفصل الثالث : المالية العامة في النظم الاقتصادية : الفصل الرابع : دور الدولة وأسباب زيادته واتساعه : الفصل الخامس : دور الدولة في اقتصادات الدول الرأسمالية : الفصل السادس : دور الدولة في الاقتصاد الاشتراكي : الفصل السابع : دور الدولة في اقتصادات الدول النامية-الباب الثاني : النفقات العامة : الفصل الأول : ماهيه النفقات العامة وأهميتها : الفصل الثاني : تطور النفقات العامة وأسباب زيادتها : الفصل الثالث : معايير النفقات العامة ومحدداتها : الفصل الرابع : هيكل النفقات العامة : الفصل الخامس : الآثار الاقتصادية للنفقات العامة-الباب الثالث : الإيرادات العامة : الفصل الأول : ماهية الإيرادات العامة وهيكلها : الفصل الثاني : الضرائب : الفصل الثالث : بعض الجوانب ذات الصلة بالضرائب : الفصل الرابع : أشكال الضرائب وأنواعها : الفصل الخامس : الآثار الاقتصادية للضرائب وآثار الاقتصاد عليها : الفصل السادس : إيرادات المشروعات العامة : الفصل السابع : القروض العامة والتمويل بالعجز: الفصل الثامن : الإيرادات الأخرى-الباب الرابع : الميزانية العامة : الفصل الأول : في الميزانية العامة : الفصل الثاني : مبادئ أو قواعد الميزانية العامة : الفصل الثالث : مراحل الميزانية العامة : الفصل الرابع : أنواع الميزانيات العامة : الفصل الخامس : مشكلات الميزانية العامة في الدول النامية-الباب الخامس : السياسة المالية : الفصل الأول : ماهية السياسة المالية وأهميتها وتطورها : الفصل الثاني : السياسة المالية في الدول المتقدمة : الفصل الثالث : السياسة المالية في الدول النامية : الفصل الرابع : السياسة المالية وتعبئة الفائض الاقتصادي في الدول النامية | ||
| 653 | _aالادارة العامة | ||
| 653 | _aالسياسة المالية | ||
| 653 | _aالمالية عامة | ||
| 942 | _cكتاب | ||
| 999 |
_c44611 _d44611 |
||